<?xml version="1.0" encoding="UTF-8"?>
<collection xmlns="http://www.loc.gov/MARC21/slim">
 <record>
  <leader>00485nam a22001455a 4500</leader>
  <controlfield tag="001">EUN.um013770</controlfield>
  <controlfield tag="003">AR-BaUNS</controlfield>
  <controlfield tag="005">20050623122856.0</controlfield>
  <controlfield tag="008">041125s1972####ag#a##########000#0#spa#d</controlfield>
  <datafield tag="245" ind1="1" ind2="0">
   <subfield code="a">Memoria y balance general :</subfield>
   <subfield code="b">ejercicio 1971. /</subfield>
   <subfield code="c">Agua y energía eléctrica.</subfield>
  </datafield>
  <datafield tag="260" ind1=" " ind2=" ">
   <subfield code="a">Buenos Aires,</subfield>
   <subfield code="c">1972.</subfield>
  </datafield>
  <datafield tag="300" ind1=" " ind2=" ">
   <subfield code="a">62 p. :</subfield>
   <subfield code="b">ilus. ;</subfield>
   <subfield code="c">29,5 cm.</subfield>
  </datafield>
  <datafield tag="082" ind1="0" ind2="4">
   <subfield code="a">338.39</subfield>
  </datafield>
  <datafield tag="110" ind1="2" ind2=" ">
   <subfield code="a">Agua y energía eléctrica</subfield>
   <subfield code="c">Argentina.</subfield>
  </datafield>
  <datafield tag="859" ind1=" " ind2=" ">
   <subfield code="a">Ar-BaUNS</subfield>
   <subfield code="b">BIB. CENTRAL - Sector C</subfield>
   <subfield code="h">338.39</subfield>
   <subfield code="i">Ar37</subfield>
   <subfield code="p">67176/973</subfield>
   <subfield code="v">1971</subfield>
  </datafield>
 </record>
</collection>
